| 000 | 01095nam a22002897a 4500 | ||
|---|---|---|---|
| 001 | 19047 | ||
| 003 | CO-MdFUSB | ||
| 005 | 20180622072738.0 | ||
| 008 | 170317t1966 en ||||| |||| 00| 0 eng d | ||
| 020 | _a281-00795-0 | ||
| 040 |
_aCO-MdFUSB _bspa _cCO-MdFUSB _dCO-MdFUSBC _erda |
||
| 041 | _aeng | ||
| 082 | 0 | 4 | _aG 203.7 D5788m |
| 100 | 1 |
_aDillistone, F. W., (Editor) _eautor |
|
| 245 | 0 |
_aMyth and symbol _c / F. W. Dillistone (Editor) , Paul Tillich , Mircea Eliade , David Cox , Antony Bridge , Ian T. Ramsey , Michael Stancliffe |
|
| 264 | 4 |
_aLondon : _bSPCK, _c©1966 |
|
| 300 | _a112 páginas | ||
| 336 |
_2rdacontent _a1 _ba1 |
||
| 337 |
_2rdamedia _a2 _b5 |
||
| 338 |
_2rdacarrier _a2 _b5 |
||
| 501 | _aRústico | ||
| 505 | 0 | 0 | _aLa función de los símbolos en la experiencia religiosa - El símbolo religioso - Mitos, sueños y misterios - Psicología y simbolismo - La vida y la muerte de símbolos - Hablando de Dios: Modelos ancianos y modernos - El simbolismo y la predicación |
| 650 | 7 |
_aReligión y cultura _9388 |
|
| 653 | _aMitos | ||
| 653 | _aSímbolos | ||
| 942 | _cBK | ||
| 999 |
_c45425 _d45425 |
||